000
00291nam a22001337a 4500
008
171009b xxu||||| |||| 00| 0 eng d
020
_a
2900618527181
041
_a
eng
080
_2
7TH
_a
159.9
100
_a
49
101
_a
PSI
245
_a
PSYCHOLOGY
_c
BERNSTEIN,D.A
942
_2
udc
_c
BK
999
_c
32717
_d
32717